| 000 | 00518nam a2200193Ia 4500 | ||
|---|---|---|---|
| 003 | GCL | ||
| 008 | 140319s9999 xx 000 0 ara d | ||
| 040 |
_aGCL / _cGCL |
||
| 082 | 0 | 4 |
_a820.9م _bف ج |
| 100 | 1 | _aفرنش، وارين | |
| 245 | 1 | 0 |
_aجون ستاينبك / _cفرنش، وارين |
| 700 | 1 | _aنور شريف | |
| 260 |
_a[S.N] : _bدار الفكر العربى |
||
| 300 | _a232 ص | ||
| 490 | _a | ||
| 650 | 0 | 4 | _aالادب الامريكى |
| 650 | 0 | 4 | _aتاريخ ونقد |
| 942 |
_2ddc _cBK |
||
| 999 |
_c32665 _d32665 |
||